00727nam a22002177a 4500999001900000005001700019010001500036020002600051035001400077037001300091082000800104100002200112245008300134250001200217260003000229270006700259300002600326500001900352942002200371952011600393 c168630d16863020191017160445.0 aENG-126690 a9789389347005c325.00 aEN-110222 bDBAD/PUB a660 aKrishnamurthy, N. aEngineering chemistry /cby N. Krishnamurthu, P. Vallinayagam [and] D.Madhavan a4th ed. aDelhibPHI Learningc2019 aRimjhim House,111, Patparganj Industrial EstatebDelhie110092 axiii;221p.c23cm(pbk) aIncludes index 2ddccENh660mKRI 001040708NFICaLbLd2019-10-17eDBAD/PUBg325.00l0o660 KRIpEN-110222r2019-10-17 00:00:00t1v325.00yEN